[Event "IECG CC.2003.0.00065 email"]
[Site "IECG email"]
[Date "2003.05.29"]
[Round "?"]
[White "Ramon, Joeri"]
[Black "Lacunza, Mario"]
[Result "0-1"]
[WhiteElo "1700"]
[BlackElo "1679"]
[PlyCount "42"]
[EventDate "2003.05.29"]
[EventType "tourn (corr)"]
[EventRounds "6"]
[SourceTitle "Corr 2008"]
[Source "ChessBase"]
[SourceDate "2008.06.24"]
[SourceVersion "1"]
[SourceVersionDate "2008.06.24"]
[SourceQuality "1"]

1. e4 e5 2. Nf3 Nf6 3. Nxe5 d6 4. Nf3 Nxe4 5. d4 d5 6. Bd3 Bd6 7. 0-0 0-0 8. c4 c6 9. Qc2 f5 10. cxd5 cxd5 11. Qb3 Kh8 12. Nc3 Nxc3 13. bxc3 Nc6 14. Re1 Qd7 15. Kh1 Qf7 16. Ng5 Qh5 17. f4 Re8 18. Bd2 Rxe1+ 19. Rxe1 Ne7 20. c4 h6 21. Bb4 dxc4 0-1

[Event "IECC CL4-2003.11 email"]
[Site "IECC email"]
[Date "2003.05.19"]
[Round "?"]
[White "Ramon, Joeri"]
[Black "Endean, Andrew"]
[Result "1-0"]
[WhiteElo "1750"]
[BlackElo "1715"]
[PlyCount "89"]
[EventDate "2003.??.??"]
[EventType "tourn (corr)"]
[EventRounds "4"]
[SourceTitle "Corr 2008"]
[Source "ChessBase"]
[SourceDate "2008.06.24"]
[SourceVersion "1"]
[SourceVersionDate "2008.06.24"]
[SourceQuality "1"]

1. e4 e5 2. Nf3 Nf6 3. Nxe5 d6 4. Nf3 Nxe4 5. d4 d5 6. Bd3 Nc6 7. 0-0 Be7 8. Re1 Bg4 9. c3 f5 10. Qb3 0-0 11. Qxb7 Rf6 12. Qb3 Bxf3 13. gxf3 Rg6+ 14. Kf1 Rb8 15. Qd1 Qd6 16. fxe4 fxe4 17. Bxe4 dxe4 18. Qh5 Qe6 19. Be3 Rxb2 20. Nd2 Bd6 21. Rab1 Rxa2 22. d5 Qf7 23. Ke2 Nd8 24. Rb8 Be7 25. c4 a5 26. Qh3 Rf6 27. Reb1 h6 28. Qg4 a4 29. Qxe4 Qh5+ 30. Kd3 Rf7 31. Rxd8+ Bxd8 32. Qe8+ Kh7 33. Qxd8 Qf5+ 34. Ne4 Qh5 35. Qe8 Qf3 36. Qe6 Rf8 37. Rg1 Qe2+ 38. Kd4 Qb2+ 39. Kc5 Rb8 40. Bc1 Qb4+ 41. Kd4 Qf8 42. d6 Rd8 43. d7 Ra1 44. f4 a3 45. Ke3 1-0

[Event "IECC CL4-2003.11 email"]
[Site "IECC email"]
[Date "2003.05.19"]
[Round "?"]
[White "Ramon, Joeri"]
[Black "Wagener, Dirk"]
[Result "1-0"]
[WhiteElo "1773"]
[BlackElo "1638"]
[PlyCount "69"]
[EventDate "2003.??.??"]
[EventType "tourn (corr)"]
[EventRounds "4"]
[SourceTitle "Corr 2008"]
[Source "ChessBase"]
[SourceDate "2008.06.24"]
[SourceVersion "1"]
[SourceVersionDate "2008.06.24"]
[SourceQuality "1"]

1. e4 e6 2. d4 d5 3. Nc3 Bb4 4. e5 c5 5. a3 Bxc3+ 6. bxc3 Ne7 7. Qg4 Qc7 8. Qxg7 Rg8 9. Qxh7 cxd4 10. Ne2 Nbc6 11. f4 Bd7 12. h4 dxc3 13. h5 0-0-0 14. Qd3 Nf5 15. Rb1 d4 16. h6 Rg6 17. h7 Rh8 18. Qf3 Nce7 19. Rh2 Bc6 20. Qd3 Qd7 21. Rb4 f6 22. Nxd4 Rg3 23. Qd1 Nxd4 24. Rxd4 Nd5 25. f5 fxe5 26. Rg4 Rxg4 27. Qxg4 exf5 28. Qg8+ Qe8 29. Qxe8+ Bxe8 30. Bg5 b5 31. Rh6 Kc7 32. g4 Bd7 33. Bh4 fxg4 34. Bg2 Bf5 35. Bxd5 1-0

[Event "IECC CL4-2003.11 email"]
[Site "IECC email"]
[Date "2003.05.19"]
[Round "?"]
[White "Sveinsson, Jon Arni"]
[Black "Ramon, Joeri"]
[Result "1/2-1/2"]
[WhiteElo "1871"]
[BlackElo "1764"]
[PlyCount "102"]
[EventDate "2003.??.??"]
[EventType "tourn (corr)"]
[EventRounds "4"]
[SourceTitle "Corr 2008"]
[Source "ChessBase"]
[SourceDate "2008.06.24"]
[SourceVersion "1"]
[SourceVersionDate "2008.06.24"]
[SourceQuality "1"]

1. d4 Nf6 2. c4 e6 3. Nf3 b6 4. g3 Ba6 5. b3 Bb4+ 6. Bd2 Be7 7. Bg2 c6 8. Bc3 d5 9. Ne5 Nfd7 10. Nxd7 Nxd7 11. Nd2 0-0 12. 0-0 f5 13. Qc2 Rc8 14. a4 Nf6 15. a5 b5 16. c5 b4 17. Bxb4 Bxe2 18. Rfe1 Bh5 19. Bc3 Ne4 20. f3 Nxc3 21. Qxc3 Bf6 22. f4 Qd7 23. Bf3 Bg4 24. Kg2 g5 25. fxg5 Bxg5 26. Rad1 Qg7 27. h3 Bf6 28. Qd3 Bxf3+ 29. Nxf3 Rce8 30. Ne5 f4 31. Nxc6 Bh4 32. Rf1 Bxg3 33. b4 Kh8 34. Rf3 Rf5 35. Rg1 Rg8 36. Kf1 Rg5 37. Qe2 Qg6 38. Rgxg3 Qb1+ 39. Kf2 Rxg3 40. Rxg3 fxg3+ 41. Kg2 Rg5 42. Ne5 Rf5 43. Nd3 Qb3 44. Qd2 Qc4 45. Qe3 a6 46. h4 Qb3 47. Kxg3 Rf7 48. h5 Rg7+ 49. Kf2 Rf7+ 50. Ke1 Rf5 51. Qg3 Rxh5 1/2-1/2

[Event "IECC CL4-2003.11 email"]
[Site "IECC email"]
[Date "2003.05.19"]
[Round "?"]
[White "Wozniak, Zbigniew"]
[Black "Ramon, Joeri"]
[Result "1/2-1/2"]
[WhiteElo "1854"]
[BlackElo "1769"]
[PlyCount "116"]
[EventDate "2003.??.??"]
[EventType "tourn (corr)"]
[EventRounds "4"]
[SourceTitle "Corr 2008"]
[Source "ChessBase"]
[SourceDate "2008.06.24"]
[SourceVersion "1"]
[SourceVersionDate "2008.06.24"]
[SourceQuality "1"]

1. e4 e6 2. d4 c5 3. Nf3 cxd4 4. Nxd4 Nf6 5. Nc3 d6 6. Be2 a6 7. 0-0 Be7 8. f4 0-0 9. Be3 Nc6 10. Kh1 Qc7 11. Qe1 Na5 12. f5 Nc4 13. Bxc4 Qxc4 14. Rd1 Bd7 15. Bg5 h6 16. Bh4 Qc7 17. fxe6 fxe6 18. Nf3 e5 19. Bxf6 Bxf6 20. Qd2 Rad8 21. Qd5+ Kh7 22. Qxd6 Qc4 23. Qb6 Be6 24. Rfe1 Qc6 25. Qf2 Kg8 26. a3 b5 27. Rd2 Bf7 28. Red1 Rxd2 29. Rxd2 Bh5 30. Rd5 Be7 31. Rxe5 Bxf3 32. gxf3 Bxa3 33. Nd1 Bd6 34. Rd5 Bf4 35. c3 Kh7 36. Ne3 b4 37. cxb4 Qc1+ 38. Nf1 Rb8 39. b5 axb5 40. Rc5 Qb1 41. Kg2 Rb6 42. Qc2 Qe1 43. Ng3 Rg6 44. Qf2 Qb1 45. Rxb5 Rc6 46. Rc5 Rb6 47. Rc2 Rb5 48. Nf5 Rb3 49. Re2 Qd3 50. Nd4 Rb6 51. Nf5 Rg6+ 52. Kh1 Rc6 53. Ng3 Rc1+ 54. Kg2 Qb5 55. Nf5 Rb1 56. Rc2 Qd3 57. Qe2 Qd8 58. Qc4 Qd1 1/2-1/2